000 00591nam a2200181Ia 4500
008 090630s9999 xx 000 0 und d
082 _b16742
100 _aशिरवाडकर वि. वा.
245 _aजान्हवी.
_cशिरवाडकर वि. वा.
260 _bकॉन्टीनेंटल.
300 _a0
600 _aशिरवाडकर वि. वा.
630 _aजान्हवी.
655 _aकादंबरी.
700 _aशिरवाडकर वि. वा.
730 _aजान्हवी.
942 _cBOOK
999 _c268598
_d268598